000 00303 a2200121 4500
001 154129
040 _cEscola São Tomás de Aquino
100 _aFERREIRA, Auréilo Buarque de Holanda
240 1 0 _aMini Aurélio
_lpor
245 1 0 _aMini Aurélio
697 _aDicionário de português
942 _cMATP
999 _c154129
_d154129